000 00631nam a22001937a 4500
999 _c193006
_d193006
005 20221012162942.0
010 _aB-745955
020 _a9789353228699
_c210.00
035 _aB-745955
037 _bPrabhat Exam
082 _a000
245 _aJawahar Navodaya Vidyalaya:
_bentrance exan 2022 class-6 solved papers 2021-2003(with detailed explanations/
260 _aNew Delhi
_bPrabhat Exam
270 _a4/19 Asaf Ali Road,
_bNew Delhi
_e110002
300 _a219p.
_c28cm (pbk)
700 _a.
942 _2ddc
_cEN
_mJAW
_h000